000
00287nam a22001217a 4500
020
_a
0-471-61355-X
082
_a
621.381 JON'I
100
_a
JONES, K. A
_9
57055
245
_a
INTRODUCTION TO OPTICAL ELECTRONICS
260
_a
LONDON
_b
JOHN WILEY
_c
1991
300
_a
430P
942
_c
BK
999
_c
567362
_d
567362